Statistics for K-Pop Girl Group by Song

Click here to take the quiz!

General Stats

  • This quiz has been taken 48 times
  • The average score is 22 of 74

Answer Stats

SongGroup% Correct
BoombayahBlackpink
95%
TTTwice
93%
Dalla DallaItzy
91%
Bboom BboomMomoland
84%
La Vie en RoseIZ*ONE
81%
GeeSNSD
81%
I Am the Best2NE1
77%
Up & DownEXID
77%
Bon Bon ChocolatEverglow
74%
Mr. ChuAPink
67%
Crazy4Minute
63%
RoughGFriend
60%
Hann(G) I-dle
60%
Very Very VeryIOI
60%
Bad Girl, Good GirlMiss A
60%
Starry NightMamamoo
58%
Dumb DumbRed Velvet
58%
Touch My BodySistar
56%
Black DressCLC
47%
4 WallsF(x)
47%
Chase MeDreamcatcher
44%
AbracadabraBrown Eyed Girls
42%
Hi HighLoona
42%
Rollin'Brave Girls
40%
Save Me, Save YouWJSN
37%
Good LuckAOA
35%
StepKara
35%
We LikePristin
35%
Roly-Poly in CopacabanaT-Ara
35%
Q&ACherry Bullet
33%
Love BombFromis_9
33%
ExpectationGirl's Day
30%
Oh! My MistakeApril
23%
Bar Bar BarCrayon Pop
23%
Will You Go Out With MeDIA
21%
Windy DayOh My Girl
21%
JokerDal Shabet
16%
A Girl Like MeGugudan
16%
Be My BabyWonder Girls
16%
ARainbow
14%
PoisonSecret
14%
First LoveAfter School
12%
Love OptionsBESTie
12%
You're PitifulFiestar
12%
GalaxyLadies' Code
12%
Candy Jelly LoveLovelyz
12%
Hurt LockerNine Muses
12%
Dr. Feel GoodRaNia
12%
MarionetteStellar
12%
GrapesBusters
9%
I'm IllHello Venus
9%
Kiss on the LipsMelody Day
9%
I'm Your GirlSES
9%
The LightThe Ark
9%
ChewyD.Holic
7%
Pow PowElris
7%
I'm Your Girl?Khan
7%
Shooting LoveLaboum
7%
Want You to SayPlayback
7%
Deja VuSonamoo
7%
Don't BelieveBerry Good
5%
Bibidi Babidi BooHoney Popcorn
5%
MinimanimoTiny-G
5%
Shut UpUnnies
5%
TravelBolbbalgan4
2%
Love is a SuddenMIXX
2%
Dream About UNature
2%
Midnight CircusSunny Hill
2%
Somebody15&
0%
This and That5Dolls
0%
Why NotBulldok
0%
SyndromeChocolat
0%
Don't Say GoodbyeDavichi
0%
Love SickTahiti
0%

Score Distribution

Percentile by Number Answered

Percent of People with Each Score

Your Score History

You have not taken this quiz